| 000 | 01231cpcaa2200313 a 4500 | ||
|---|---|---|---|
| 001 | mm 99006421 | ||
| 003 | DLC | ||
| 005 | 20260227111727.0 | ||
| 008 | 991103|||||||||||| eng | ||
| 010 | _amm 99006421 | ||
| 040 |
_aDLC _cDLC _dDLC _edacs |
||
| 072 | 7 |
_aC _2lcmd |
|
| 100 | 1 |
_aThomas, John, _csoldier. |
|
| 245 | 0 | 0 |
_aJohn Thomas correspondence, _f1761-1762. |
| 300 |
_a2 _fitems. |
||
| 506 | 0 | _aOpen to research. | |
| 520 | 8 | _aTwo letters from John Thomas to his brother, Rees Thomas in Carmarthenshire, Wales: one (1761 January 17) concerning family matters and the other (1762 January 22) describing the battle of Martinique during the Seven Years' War. | |
| 545 | 0 | _aSoldier. | |
| 546 | _aCollection material in English. | ||
| 580 | _aForms part of: Miscellaneous Manuscripts collection. | ||
| 600 | 1 | 0 |
_aThomas, Rees _vCorrespondence. |
| 650 | 0 |
_aSeven Years' War, 1756-1763 _xCampaigns. |
|
| 651 | 0 | _aCarmarthenshire (Wales) | |
| 651 | 0 |
_aMartinique _xHistory. |
|
| 651 | 0 |
_aWales _xSocial life and customs. |
|
| 656 | 7 |
_aSoldiers. _2itoamc |
|
| 999 |
_c44516 _d44516 |
||